ბათუმის შოთა რუსთაველის სახელმწიფო უნივერსიტეტის ბიბლიოთეკა

ლინგვისტური ნეოლოგია და ოკაზიონალიზმების ფუნქციონირება ინგლისურ და ქართულ ენებში / (ბიბ.ჩანაწერი № 53546)

000 -ლიდერი
ფიქსირებული სიგრძის საკონტროლო ველი 01753nam a2200241Ia 4500
001 - საკონტროლო ნომერი
საკონტროლო ველი 20592
003 - საკონტროლო ნომრის იდენტიფიკატორი
საკონტროლო ველი GE_BSU
005 - ბოლო ოპერაციის თარიღი და დრო
საკონტროლო ველი 20210329170055.0
008 - ფიქსირებული სიგრძის მონაცემთა ელემენტები - ზოგადი ინფორმაცია
ფიქსირებული სიგრძის საკონტროლო ველი 181216s2016||||ge |||||||||||||| ||geo||
040 ## - კატალოგიზაციის წყარო
Transcribing agency GE_BSU
041 ## - ენის კოდი
Language code of text/sound track or separate title geo
080 ## - უნივერსალური ათობითი კლასიფიკაციის ინდექსი
Universal Decimal Classification number 82 დ-90
100 ## - მთავარი ჩანაწერი - პიროვნების სახელი
Personal name დუმბაძე, სოფიკო
9 (RLIN) 10810
245 ## - ცნობა სათაურის შესახებ
Title ლინგვისტური ნეოლოგია და ოკაზიონალიზმების ფუნქციონირება ინგლისურ და ქართულ ენებში /
Statement of responsibility, etc სოფიკო დუმბაძე; მეცნ.ხელმძღვანელი.ნინო აროშიძე; ბათუმის შოთა რუსთაველის სახელმწიფო უნ-ტის ჰუმანიტარულ მეცნიერებათა ფაკულტ.ევროპეისტიკის დეპარტამენტი.
264 ## - წარმოების, გამოცემის, დისტრიბუციის და სხვა ცნობები
გამოცემის, წარმოების, დისტრიბუციის... ადგილი ბათუმი:
გამოცემის, წარმოების, დისტრიბუციის... სახელწოდება ბსუ,
გამოცემის, წარმოების, დისტრიბუციის... თარიღი 2016.
300 ## - ფიზიკური აღწერა
Extent 155 გვ.:
Other physical details ილ;
Dimensions 30 სმ.
653 ## - INDEX TERM--UNCONTROLLED
Uncontrolled term დისერტაცია
653 ## - INDEX TERM--UNCONTROLLED
Uncontrolled term ლინგვისტიკა
653 ## - INDEX TERM--UNCONTROLLED
Uncontrolled term ლინგვისტური ნეოლოგია და ოკაზიონალიზმების ფუნქციონირება ინგლისურ და ქართულ ენებში
700 ## - ADDED ENTRY--PERSONAL NAME
Personal name აროშიძე, ნინო
Relator term მეცნ.ხელმძღვანელი
9 (RLIN) 10811
710 ## - ADDED ENTRY--CORPORATE NAME
Corporate name or jurisdiction name as entry element ბსუ
Subordinate unit ჰუმანიტარულ მეცნიერებათა ფაკულტეტი .ევროპეისტიკის დეპარტამენტი.
9 (RLIN) 10812
942 ## - ADDED ENTRY ELEMENTS (KOHA)
Koha item type წიგნი
Source of classification or shelving scheme
ეგზემპლარები
ჩამოწერის სტატუსი დაკარგული ეგზემპლარის სტატუსი კლასიფიკაციის წყარო ან თაროზე გაწყობის სქემა დაზიანების სტატუსი არ გაიცემა მუდმივი მდებარეობა (დაცვის ადგილი) ამჟამინდელი ადგილსამყოფელი თაროზე განთავსების ადგილი შეძენის თარიღი სრული შენახვის შიფრი შტრიხკოდი ბოლო ოპერაციის თარიღი ეგზემპლარის მიმდევრობითი ნომერი (კეტერი?) ფასის ძალაში შესვლის თარიღი ეგზემპლარის სახეობა
          ბათუმის შოთა რუსთაველის სახელმწიფო უნივერსიტეტის მთავარი ბიბლიოთეკა ბათუმის შოთა რუსთაველის სახელმწიფო უნივერსიტეტის მთავარი ბიბლიოთეკა წიგნსაცავი 2018-12-17 82 დ-90 281 დისერტაცია 2018-12-17 281 2018-12-17 დისერტაცია